Preposições - Statistics

Estatísticas Gerais
  • Esse quiz foi jogado 214 vezes
  • A pontuação média é 10 de 18
Estatísticas das Respostas
Respostas % Correto
a
94%
de
80%
com
77%
para
68%
ante
65%
por
65%
em
57%
per
54%
até
52%
sob
51%
entre
49%
perante
49%
sobre
49%
contra
48%
desde
46%
sem
46%
após
43%
trás
43%
Nenhum quiz correspondente encontrado
Distribuição das Pontuações
Porcentagem de Pessoas com Cada Pontuação
Percentil de Números Respondidos
Sua Pontuação Histórica
Você não jogou esse quiz